| 000 | 01301cam a22003137a 4500 | ||
|---|---|---|---|
| 001 | 15335130 | ||
| 005 | 20080918151622.0 | ||
| 008 | 080618s2008 ne a | b 001 0 eng d | ||
| 010 | _a 2008274400 | ||
| 020 | _a0123740274 | ||
| 035 | _a(OCoLC)ocn191244950 | ||
| 040 |
_aYDXCP _cYDXCP _dBTCTA _dBAKER _dBWX _dUUM _dIXA _dDLC |
||
| 042 | _alccopycat | ||
| 050 | 0 | 0 |
_aQC446.2 _b.S776 2008 |
| 082 | 0 | 0 |
_a621.36 _222 _bAND |
| 245 | 0 | 0 |
_aStructured Light and its Applications : _bAn Introduction to Phase-Structured Beams and Nanoscale Optical Forces / _c[Edited by] David L. Andrews. |
| 260 |
_aAmsterdam : _bAcademic, _cc2008. |
||
| 300 |
_axiii, 341 p. : _bill. ; _c24 cm. |
||
| 504 | _aIncludes bibliographical references and index. | ||
| 650 | 0 |
_aQuantum optics. _911223 |
|
| 650 | 0 |
_aBeam optics. _911224 |
|
| 650 | 0 |
_aNanostructures _xOptical properties. _911225 |
|
| 650 | 0 |
_aGaussian beams. _911226 |
|
| 700 | 1 |
_aAndrews, David L., _d1952- _911227 |
|
| 856 | 4 | 2 |
_3Publisher description _uhttp://www.loc.gov/catdir/enhancements/fy0835/2008274400-d.html |
| 942 |
_2ddc _cBB |
||
| 999 |
_c13351 _d13351 |
||